Lines of the London Underground - Statistics

General Stats
  • This quiz has been taken 247 times
  • The average score is 10 of 11
Answer Stats
Map Colour Train Line % Correct
Yellow Circle
96%
Light Blue Victoria
95%
Red Central
93%
Black Northern
93%
Green District
92%
Brown Bakerloo
90%
Silver Jubilee
89%
Dark Blue Piccadilly
89%
Pink Hammersmith and City
85%
Purple Metropolitan
79%
Turquoise Waterloo and City
78%
No matching quizzes found
Score Distribution
Percent of People with Each Score
Percentile by Number Answered
Your Score History
You have not taken this quiz